Statistics for A to Z - Words That End in 'T'

Click here to take the quiz!

General Stats

  • This quiz has been taken 234 times
  • The average score is 18 of 26

Answer Stats

ClueWord% Correct
DMoney you oweDebt
97%
KTie the ____ (get married)Knot
97%
AFlexible circus performerAcrobat
95%
IOne is this until proven guiltyInnocent
93%
SClothing (Long-sleeve, T-)Shirt
92%
YRecreational boatYacht
92%
FFailed to remeberForgot
89%
ZPimpleZit
88%
URequiring immediate actionUrgent
86%
VOpening for air to enter/exitVent
86%
GLarge; humungousGiant
85%
JClothing for winter, in the USJacket
85%
RSleepRest
84%
HClue; Small amountHint
81%
NGolden, chicken, DenverNugget
79%
MMaybe will happenMight
78%
WNot having somethingWithout
69%
QJourney; AdventureQuest
68%
TDarts should land on the ...Target
68%
BBasic Unit of InformationBit
62%
PValid remarkPoint
60%
EOne who moves countriesEmigrant
57%
LOne with the best oddsLuckiest
20%
CTyphographical symbol ^Caret
17%
OSomething that's out of placeOffset
6%
XA garden path with treesXyst
1%

Score Distribution

Percentile by Number Answered

Percent of People with Each Score

Your Score History

You have not taken this quiz